802.11 (Wi-Fi) (Record no. 3095)

000 -LEADER
fixed length control field 00547nam a2200205 4500
001 - CONTROL NUMBER
control field 3095
003 - CONTROL NUMBER IDENTIFIER
control field BD-DhUET
008 - FIXED-LENGTH DATA ELEMENTS--GENERAL INFORMATION
fixed length control field 141020b xxu||||| |||| 00| 0 eng d
020 ## - INTERNATIONAL STANDARD BOOK NUMBER
International Standard Book Number 0070531439
040 ## - CATALOGING SOURCE
Transcribing agency 0
Modifying agency BD-DhUET
082 ## - DEWEY DECIMAL CLASSIFICATION NUMBER
Classification number 004.6502
Item number REI/2003
100 ## - MAIN ENTRY--PERSONAL NAME
Personal name Reid, Neil
245 ## - TITLE STATEMENT
Title 802.11 (Wi-Fi)
Remainder of title networking handbook
Statement of responsibility, etc. by Neil Reid and Ron Seide
250 ## - EDITION STATEMENT
Edition statement 1st ed.
260 ## - PUBLICATION, DISTRIBUTION, ETC. (IMPRINT)
Place of publication, distribution, etc. New Delhi
Name of publisher, distributor, etc. Tata McGraw-Hill
Date of publication, distribution, etc. 2003
300 ## - PHYSICAL DESCRIPTION
Extent xx,376p.
650 #0 - SUBJECT ADDED ENTRY--TOPICAL TERM
Topical term or geographic name as entry element Network-Wireless-Handbooks, manuals, etc.
700 ## - ADDED ENTRY--PERSONAL NAME
Personal name Seide, Ron
942 ## - ADDED ENTRY ELEMENTS (KOHA)
Koha item type General Book
Holdings
Copy number Koha normalized classification for sorting Price effective from Source of classification or shelving scheme Not for loan Koha item type Withdrawn status Sublocation or collection (holding branch) Shelving location Location (home branch) Koha full call number Date acquired Koha date last seen Lost status Piece designation (barcode) Damaged status
1004_000000000000000_6502REI2002014-10-20  General Book Central Library, BUETCirculation sectionCentral Library, BUET004.6502/REI/20032014-10-202014-10-20 102033 
2004_000000000000000_6502REI2002014-10-20  General Book Central Library, BUETCirculation sectionCentral Library, BUET004.6502/REI/20032014-10-202014-10-20 102034